College Football Logos by Letter - Statistics

General Stats
  • This quiz has been taken 21 times
  • The average score is 39 of 89
Answer Stats
Hint Answer % Correct
3 Cal
69%
1 Georgia
69%
2 Indiana
69%
1 Michigan
69%
1 Tennessee
69%
1 Texas
69%
1 Akron
63%
1 Alabama
63%
3 LSU
63%
1 Miami
63%
1 Miami (Oh)
63%
1 Oregon
63%
4 UCLA
63%
4 UNLV
63%
4 UTEP
63%
4 UTSA
63%
1 Washington
63%
1 Arizona
56%
1 Illinois
56%
1 Iowa St
56%
2 Kentucky
56%
1 Nebraska
56%
2 North Carolina
56%
1 Ohio St
56%
2 Oklahoma
56%
1 Purdue
56%
2 USC
56%
1 Cincinnati
50%
1 Duke
50%
1 Eastern Michigan
50%
2 Georgia Tech
50%
1 Maryland
50%
1 Mississippi St
50%
1 Northwestern
50%
2 Notre Dame
50%
3 Oklahoma St
50%
1 Rice
50%
1 South Carolina
50%
1 Stanford
50%
3 Texas A&M
50%
2 Texas Tech
50%
1 Utah
50%
1 Virginia
50%
1 Wisconsin
50%
2 Boston College
44%
2 Bowling Green
44%
2 Colorado
44%
1 Minnesota
44%
1 Navy
44%
1 Rutgers
44%
1 Syracuse
44%
1 Troy
44%
3 UCF
44%
1 Utah St
44%
1 Vanderbilt
44%
2 Washington St
44%
2 Auburn
38%
2 Baylor
38%
1 BYU
38%
1 Central Michigan
38%
1 Memphis
38%
2 Sam Houston
38%
2 San Diego
38%
2 Virginia Tech
38%
2 Air Force
31%
1 Harvard
31%
1 Hawaii
31%
2 Houston
31%
1 Marshall
31%
3 TCU
31%
1 Temple
31%
3 UAB
31%
3 Western Kentucky
31%
3 FIU
25%
3 Jackson St
25%
1 Kent St
25%
3 Louisiana Monroe
25%
2 Middle Tennessee
25%
1 USF
25%
2 Wake Forest
25%
1 Charlotte
19%
3 James Madison
19%
2 Kennesaw St
19%
2 Liberty
19%
1 UMass
19%
1 Appalachian St
13%
3 Eastern Carolina
6%
3 NIU
6%
3 ODU
6%
No matching quizzes found
Score Distribution
Percent of People with Each Score
Percentile by Number Answered
Your Score History
You have not taken this quiz